000 00554nam a22001697a 4500
008 160604b xxu||||| |||| 00| 0 eng d
020 _a9718966749
082 _22006
_aDFil 657.45
_bC11
100 _910095
_aCabrera, Ma. Elenita B.
245 _aAuditing problems:
_bCPA reviewer/
_cMa. Elenita B. Cabrera
260 _aManila:
_bGIC Enterprises & Co.,Inc.,
_cc2006.
300 _a816 pages:
_billustrations;
_c23.5 cm.
500 _aInclude appendix
650 0 _910096
_aAuditing
_xProblems, exercises, etc.
365 _b550.00
_cPhp.
942 _2ddc
_cDFIL
999 _c3023
_d3023